Statistics for Formula One Constructors' Champions

Click here to take the quiz!

General Stats

  • This quiz has been taken 56,552 times
    (51,725 since last reset)
  • The average score is 9 of 15

Answer Stats

WinsConstructor% Correct
16Ferrari
99%
8Mercedes
99%
6Red Bull
97%
8McLaren
93%
9Williams
84%
2Renault
81%
1Brawn
61%
7Lotus
59%
1Benetton
53%
2Brabham
41%
1Tyrrell
26%
2Cooper
21%
1BRM
20%
1Vanwall
18%
1Matra
17%

Score Distribution

Percentile by Number Answered

Percent of People with Each Score

Your Score History

You have not taken this quiz since the last reset